100 polskich miast - Statystyki

Ogólne statystyki
  • Ten quiz został rozwiązany 256 razy
  • Średni wynik to 68 z 100
Odpowiedzi na mapie
Odpowiedzi zakodowano w zielono-czerwonej skali na mapie do tego quizu, zgodnie z poniższymi procentami.
 
Statystyki odpowiedzi
Miasto % Poprawnych
Gdynia
95%
Gdańsk
94%
Białystok
89%
Kołobrzeg
88%
Szczecin
88%
Warszawa
88%
Koszalin
87%
Olsztyn
86%
Poznań
86%
Toruń
85%
Bydgoszcz
84%
Kraków
84%
Suwałki
84%
Świnoujście
83%
Zielona Góra
83%
Elbląg
82%
Łódź
82%
Lublin
82%
Ełk
81%
Wrocław
81%
Gorzów Wielkopolski
80%
Kielce
77%
Rzeszów
77%
Katowice
76%
Malbork
76%
Radom
76%
Częstochowa
75%
Opole
75%
Zakopane
75%
Bytom
73%
Piła
73%
Augustów
72%
Bielsko-Biała
72%
Inowrocław
72%
Lubin
72%
Słupsk
72%
Jelenia Góra
71%
Sosnowiec
71%
Stargard
71%
Zamość
70%
Biała Podlaska
69%
Gliwice
69%
Gniezno
69%
Łomża
69%
Piotrków Trybunalski
69%
Tarnów
69%
Wałbrzych
69%
Zabrze
69%
Grudziądz
68%
Płock
68%
Siedlce
68%
Bełchatów
67%
Chełm
67%
Kalisz
67%
Konin
67%
Legnica
67%
Przemyśl
67%
Włocławek
66%
Nowy Sącz
65%
Głogów
64%
Sandomierz
63%
Tychy
63%
Krosno
61%
Nowy Targ
61%
Tarnobrzeg
61%
Tczew
61%
Leszno
60%
Mielec
60%
Ostrołęka
60%
Giżycko
58%
Rybnik
58%
Stalowa Wola
58%
Kłodzko
57%
Ostrów Wielkopolski
57%
Pabianice
57%
Puławy
57%
Szczecinek
57%
Ciechanów
56%
Cieszyn
56%
Gryfice
56%
Jastrzębie-Zdrój
56%
Zgorzelec
55%
Chojnice
54%
Kędzierzyn-Koźle
54%
Kutno
54%
Ostrowiec Świętokrzyski
54%
Sanok
54%
Radomsko
53%
Skierniewice
53%
Tomaszów Mazowiecki
53%
Pisz
51%
Nysa
50%
Świdnica
50%
Bolesławiec
49%
Łowicz
49%
Sieradz
47%
Turek
46%
Kluczbork
44%
Opoczno
43%
Międzychód
42%
Nie znaleziono quizów pasujących do podanych kryteriów
Rozkład punktacji
Procent ludzi z każdym wynikiem
Percentyl według liczby udzielonych odpowiedzi
Twoja historia wyników
Nie rozwiązałeś tego quizu